000 00663cam a22002293a 4500
001 44834
003 PGUSA
005 20140828084026.0
008 140205s2014||||xxu|||||s|||||000 | eng d
040 _aPGUSA
_beng
042 _adc
050 4 _aQL
100 1 _aBrehm, Alfred Edmund,
_d1829-1884
245 1 0 _aHet Leven der Dieren. Deel 3, Hoofdstuk 5 :
_bDe Amphibiƫn
_h[electronic resource] /
_cAlfred Edmund Brehm
260 _bProject Gutenberg,
_c2014
506 _aPublic domain in the USA.
516 _aElectronic text
653 _aAnimals
830 0 _aProject Gutenberg
_v44834
856 4 0 _uhttp://www.gutenberg.org/ebooks/44834
942 _cEB
999 _c274085
_d274085